Campioni Motociclismo - Statistics

Statistiche generali
  • Questo quiz è stato fatto 71 volte
  • Il punteggio medio è 37 su 63
Statistiche sulle risposte
Hint Risposta % Corretto
2001 Valentino Rossi
100%
2002 Valentino Rossi
100%
2003 Valentino Rossi
100%
2004 Valentino Rossi
100%
2005 Valentino Rossi
100%
2008 Valentino Rossi
100%
2009 Valentino Rossi
100%
2013 Marc Márquez
95%
2014 Marc Márquez
95%
2016 Marc Márquez
95%
2017 Marc Márquez
95%
2018 Marc Márquez
95%
2019 Marc Márquez
95%
2022 Francesci Bagnaia
93%
2023 Francesco Bagnaia
93%
2010 Jorge Lorenzo
89%
2012 Jorge Lorenzo
89%
2015 Jorge Lorenzo
89%
2007 Casey Stoner
82%
2011 Casey Stoner
82%
2024 Jorge Martin
79%
1966 Giacomo Agostini
74%
1967 Giacomo Agostini
74%
1968 Giacomo Agostini
74%
1969 Giacomo Agostini
74%
1970 Giacomo Agostini
74%
1971 Giacomo Agostini
74%
1972 Giacomo Agostini
74%
1975 Giacomo Agostini
74%
2020 Joan Mir
74%
2006 Nicky Hayden
70%
2021 Fabio Quartararo
69%
1994 Michael Doohan
56%
1995 Michael Doohan
56%
1996 Michael Doohan
56%
1997 Michael Doohan
56%
1998 Michael Doohan
56%
1978 Kenny Roberts
39%
1979 Kenny Roberts
39%
1980 Kenny Roberts
39%
2000 Kenny Roberts Jr
39%
1999 Àlex Crivillé
36%
1993 Kevin Schwantz
36%
1982 Franco Uncini
31%
1990 Wayne Rainey
28%
1991 Wayne Rainey
28%
1992 Wayne Rainey
28%
1981 Marco Lucchinelli
26%
1984 Eddie Lawson
25%
1986 Eddie Lawson
25%
1988 Eddie Lawson
25%
1989 Eddie Lawson
25%
1983 Freddie Spencer
21%
1985 Freddie Spencer
21%
1962 Mike Hailwood
21%
1963 Mike Hailwood
21%
1964 Mike Hailwood
21%
1965 Mike Hailwood
21%
1987 Wayne Gardner
20%
1976 Barry Sheene
11%
1977 Barry Sheene
11%
1973 Phil Read
11%
1974 Phil Read
11%
Nessun quiz corrispondente trovato
Distribuzione punteggi
Percentuale di utenti per punteggio
Percentile per numero di risposta
I tuoi punteggi nel tempo
Non hai fatto questo quiz